| 000 | 00403nam a22001697a 4500 | ||
|---|---|---|---|
| 003 | OSt | ||
| 008 | 230124b |||||||| |||| 00| 0 eng d | ||
| 020 | _a9789355281999 | ||
| 041 | _aeng | ||
| 082 |
_a620.1 _bOFF/EN |
||
| 100 |
_aOffley, C.N _95441 |
||
| 245 | _aEngineering Machanics | ||
| 260 |
_aChennai _MMaxwell press _c2022 |
||
| 300 | _a310 | ||
| 650 |
_aEngineering mechanics _9174 |
||
| 942 | _cBK | ||
| 999 |
_c14145 _d14145 |
||